• 首页
  • 本馆介绍
  • 公告通知
  • 最新文献
  • 馆藏检索
  • 电子资源
  • 读者导购
  • 参考咨询
  • 我的图书馆
  • 登录
  • 详细信息显示
  • 放入我的书架
  • 预约/预借图书
  • 作者相关作品
  • 分类相关作品
  • 丛书相关作品
  • 出版社相关作品

书目信息

  • 表格格式
  • 工作单格式
  • 卡片格式
题名:
你性感,你幸福
    
 
作者: 瑞施 著 ;陈丽君 译
分册:  
出版信息: 北京   现代出版社  2016
页数: 184页
开本: 22cm
丛书名:
单 册:
中图分类: R167
科图分类:
主题词: 女性--Nv Xing--性心理学
电子资源:
ISBN: 978-7-5143-4363-2
000 00923nam0 22002651 450
001 350532
005 20161012082858.73
010    @a978-7-5143-4363-2@dCNY35.00
100    @a20160217d2016 em y0chiy50 ea
101 1  @achi@ceng
102    @aCN@b110000
105    @ay z 000yy
106    @ar
200 1  @a你性感,你幸福@ANi Xing Gan Ni Xing Fu@f(美)艾芙琳·瑞施著@g陈丽君译
210    @a北京@c现代出版社@d2016
215    @a184页@d22cm
312    @a封面英文题名:Women sex power and pleasure
330    @a本书包括情感幸福的标志;我只是太忙了;我太胖了,没法享受性生活;我只是现在无能为力;更年期快把我折磨死了;成为自己的主宰等8章内容。
510 1  @aWomen sex power and pleasure@zeng
606 0  @a女性@ANv Xing@x性心理学
690    @aR167@v5
701  0 @c(美)@a瑞施@ARui Shi@c(女,Resh, Evelyn)@4著
702  0 @a陈丽君@AChen Li Jun@4译
801  0 @aCN@bTANGWEI@c20160804
905    @b0890505-9@dR167@e228@f5
    
    你性感,你幸福/(美)艾芙琳·瑞施著/陈丽君译.-北京:现代出版社,2016
    184页;22cm
    
    
    ISBN 978-7-5143-4363-2:CNY35.00
    本书包括情感幸福的标志;我只是太忙了;我太胖了,没法享受性生活;我只是现在无能为力;更年期快把我折磨死了;成为自己的主宰等8章内容。
●
相关链接 在E读中查询图书 在五车中查询图书 在当当中查询图书 在豆瓣中查询图书


正题名:你性感,你幸福     索取号:R167/228         预约/预借

序号 登录号 条形码 馆藏地/架位号 状态 备注
1 0890505   208905050   第二样本阅览室/ [索取号:R167/228] 在馆    
2 0890506   208905069   第三借阅区/ [索取号:R167/228] 在馆    
3 0890507   208905078   第三借阅区/ [索取号:R167/228] 在馆    
4 0890508   208905087   第三借阅区/ [索取号:R167/228] 在馆    
5 0890509   208905096   第三借阅区/ [索取号:R167/228] 在馆    
唐山师范学院图书馆 欢迎您!
大连网信软件有限公司© 版权所有